00854nam a22002657a 45000010005000000030009000050050017000140070005000310080028000360400022000640820024000861000044001102450068001542600028002223000021002504900013002715900026002846500024003106500026003346500033003609100040003939420012004339520128004459990015005730151DO-SdBNP20231030093401.00151151005b19uu xxu 00| 0 spa d aBPMSUbspacBPMSU 4aCo863.44bG216f2221 aGarcía Márquez, Gabrield1927-2014.14aLos funerales de la mamá grande /cGabriel García Márquez a[s.l :bs. e, c[19-?]. a147 p. ;c18 cm.1 aÍndice aInventariado, 2023/VM 4aCuentos colombianos 4aLiteratura colombiana 4aHonras fúnebres vCuentos. aVMateo V. Control de calidad. BPMSU 2ddccBK 00102ddc40708CGaBPMETbBPMETd2016-03-09eFUNDIl0oBPMSU CG Co863.44 G216fpBPMSU16030015r2016-03-09w2016-03-09yBK c9154d9154